LA DANZA MODERNA: (Registro nro. 68564)

Detalles MARC
000 -CABECERA
campo de control de longitud fija 00921nam a22002297a 4500
003 - IDENTIFICADOR DEL NÚMERO DE CONTROL
campo de control BPGM
008 - DATOS DE LONGITUD FIJA--INFORMACIÓN GENERAL
campo de control de longitud fija 260408s mx o|||| |||| 000 0 spa d
040 ## - FUENTE DE LA CATALOGACIÓN
Centro catalogador/agencia de origen BPGM
Lengua de catalogación spa
041 ## - CÓDIGO DE LENGUA
Código de lengua del texto/banda sonora o título independiente spa
Código de lengua original spa
082 04 - NÚMERO DE LA CLASIFICACIÓN DECIMAL DEWEY
Número de clasificación 793.33 /
Número de documento/Ítem D342
Número de edición PRIMERA EDICION
100 ## - ENTRADA PRINCIPAL--NOMBRE DE PERSONA
Nombre de persona DALLAL, ALBERTO
Término indicativo de función/relación AUTOR
245 ## - MENCIÓN DE TÍTULO
Título LA DANZA MODERNA:
Resto del título TESTIMONIOS DEL FONDO
300 ## - DESCRIPCIÓN FÍSICA
Extensión 63 páginas ;
Dimensiones 18 cm x 27.1 cm
336 ## - TIPO DE CONTENIDO
Fuente rdacontent
Término de tipo de contenido texto
Código de tipo de contenido txt
337 ## - TIPO DE MEDIO
Fuente rdamedia
Nombre/término del tipo de medio sin mediación
Código del tipo de medio n
338 ## - TIPO DE SOPORTE
Fuente rdacarrier
Nombre/término del tipo de soporte volumen
Código del tipo de soporte nc
505 ## - NOTA DE CONTENIDO CON FORMATO
Nota de contenido con formato ANALIZA ESTE ENSAYO LAS RAICES DE LA DANZA -CUERPO HUMANO, MOVIMIENTO Y ESPACIO QUE LA HACEN POSIBLE- SUS IMPULSOS-NECESIDAD DE PRACTICAS Y EJERCICIOS COLECTIVOS-, Y SUS ORIGENES-PENETRACION DE RITOS QUE LA ENRIQUECEN-
650 ## - PUNTO DE ACCESO ADICIONAL DE MATERIA--TÉRMINO DE MATERIA
Término de materia o nombre geográfico como elemento de entrada LAS ARTES BELLAS ARTES Y LAS ARTES DECORATIVAS
650 ## - PUNTO DE ACCESO ADICIONAL DE MATERIA--TÉRMINO DE MATERIA
Término de materia o nombre geográfico como elemento de entrada ARTES RECREATIVAS Y DE LA ACTUACION
650 ## - PUNTO DE ACCESO ADICIONAL DE MATERIA--TÉRMINO DE MATERIA
Término de materia o nombre geográfico como elemento de entrada JUEGOS Y DIVERSIONES BAJO TECHO
942 ## - ELEMENTOS DE PUNTO DE ACCESO ADICIONAL (KOHA)
Fuente del sistema de clasificación o colocación Dewey Decimal Classification
Tipo de ítem Koha General jóvenes y Adultos
Existencias
Estado de retiro Estado de pérdida Fuente del sistema de clasificación o colocación Estado dañado No para préstamo Código de colección Localización permanente Ubicación/localización actual Ubicación en estantería Fecha de adquisición Fuente de adquisición Información codificada de la localización en otra ubicación Total de préstamos Signatura topográfica completa Código de barras Fecha visto por última vez Número de copia Precio válido a partir de Tipo de ítem Koha
    Dewey Decimal Classification   Préstamo en Sala Colección General BFC BIBLIOTECA PÚBLICA CENTRAL ESTATAL “FRANCISCO CERVANTES” BIBLIOTECA PÚBLICA CENTRAL ESTATAL “FRANCISCO CERVANTES” ACCESO ¨B¨PLANTA BAJA 04/08/2026 DONACION ACCESO B P   793.33 / D342 27701 04/08/2026 EJ. 1 04/08/2026 General jóvenes y Adultos
    Dewey Decimal Classification     Colección General BFC BIBLIOTECA PÚBLICA CENTRAL ESTATAL “FRANCISCO CERVANTES” BIBLIOTECA PÚBLICA CENTRAL ESTATAL “FRANCISCO CERVANTES” ACCESO ¨B¨PLANTA BAJA 04/08/2026 DONACION ACCESO B P   793.33 / D342 27702 04/08/2026 EJ. 2 04/08/2026 General jóvenes y Adultos
    Dewey Decimal Classification     Colección General BFC BIBLIOTECA PÚBLICA CENTRAL ESTATAL “FRANCISCO CERVANTES” BIBLIOTECA PÚBLICA CENTRAL ESTATAL “FRANCISCO CERVANTES” ACCESO ¨B¨PLANTA BAJA 04/08/2026 DONACION ACCESO B P   793.33 / D342 27703 04/08/2026 EJ. 3 04/08/2026 General jóvenes y Adultos
    Dewey Decimal Classification     Colección General BFC BIBLIOTECA PÚBLICA CENTRAL ESTATAL “FRANCISCO CERVANTES” BIBLIOTECA PÚBLICA CENTRAL ESTATAL “FRANCISCO CERVANTES” ACCESO ¨B¨PLANTA BAJA 04/08/2026 DONACION ACCESO B P   793.33 / D342 27704 04/08/2026 EJ. 4 04/08/2026 General jóvenes y Adultos
    Dewey Decimal Classification     Colección General BFC BIBLIOTECA PÚBLICA CENTRAL ESTATAL “FRANCISCO CERVANTES” BIBLIOTECA PÚBLICA CENTRAL ESTATAL “FRANCISCO CERVANTES” ACCESO ¨B¨PLANTA BAJA 04/08/2026 DONACION ACCESO B P   793.33 / D342 27705 04/08/2026 EJ. 5 04/08/2026 General jóvenes y Adultos